| 000 | 00709nam a2200241Ia 4500 | ||
|---|---|---|---|
| 003 | OSt | ||
| 005 | 20220923224926.0 | ||
| 006 | a|||||r|||| 00| 0 | ||
| 007 | ta | ||
| 008 | 220922b |||||||| |||| 00| 0 hin d | ||
| 024 | _a253,727 | ||
| 037 | _cTextual | ||
| 040 |
_aARTS _cARTS _bhin |
||
| 041 |
_2hin _ahin |
||
| 082 | _aO152,1K73:g, P4 | ||
| 100 |
_aबोरा, राजकमल _9156291 |
||
| 245 | 0 | _aभूषण | |
| 246 | _aBhūṣhaṇa | ||
| 260 |
_aनयी दिल्ली _b साहित्य अकादेमी _c2004 |
||
| 300 |
_a122पृ. _ccm. |
||
| 942 |
_hO152,1K73:g, P4 _cTEXL _2CC |
||
| 999 |
_c374714 _d374714 |
||